| 000 | 00990nam a22001457a 4500 | ||
|---|---|---|---|
| 041 | _aENG | ||
| 082 |
_a100 _bHEI |
||
| 100 | _aHeinamaa, Sara | ||
| 245 | _aConsciousness: from perception to reflection in the history of philosophy | ||
| 260 |
_aNetherlands _bSpringer _c2007 |
||
| 300 | _a366 | ||
| 500 | _aDespite decades of theoretization, consciousness continues to haunt contemporary philosophy of mind. The coherence and validity of the concept are in question, yet consciousness seems to resist the projects of reduction and naturalization. This collection opens a diachronical perspective to intuitions about consciousness and our aspiration of coming to grips with it. Through investigating ancient, medieval, early modern, and modern discussions in their original philosophical context, the articles offer understanding of the emergence of our problems concerning consciousness, as well as a wealth. | ||
| 650 |
_aConsciousness. _aPhilosophy -- History. _aConscience. |
||
| 942 | _cBK | ||
| 999 |
_c22748 _d22748 |
||